[Event "VIE-chT"]
[Site "Ho Chi Minh City"]
[Date "2015.07.18"]
[Round "3.14"]
[White "Nguyen Van Toan, Thanh"]
[Black "Lu, Chan Hung"]
[Result "1-0"]
[WhiteElo "2039"]
[BlackElo "2229"]
[PlyCount "97"]
[EventDate "2015.07.16"]
[EventType "team-swiss"]
[EventRounds "9"]
[EventCountry "VIE"]
[SourceTitle "EXT 2016"]
[Source "ChessBase"]
[SourceDate "2015.10.08"]
[SourceVersion "1"]
[SourceVersionDate "2015.10.08"]
[SourceQuality "1"]

1. e4 c5 2. Nf3 Nf6 3. Nc3 d5 4. Bb5+ Nc6 5. exd5 Nxd5 6. 0-0 Nxc3 7. bxc3 Bd7 8. d4 Qa5 9. Qd3 e6 10. Re1 0-0-0 11. Bf4 Be7 12. Rab1 Bf6 13. Nd2 Ne7 14. Nc4 Bxb5 15. Rxb5 Qxb5 16. Nd6+ Rxd6 17. Qxb5 Rd7 18. Qxc5+ Nc6 19. Rb1 Rd5 20. Qc4 Rhd8 21. g4 h5 22. h3 hxg4 23. hxg4 Ra5 24. a4 Rdd5 25. Rb5 Bd8 26. Kg2 g6 27. Rb1 Bb6 28. Rh1 Rd8 29. Rh7 Rd7 30. Be5 Rad5 31. f4 Bc7 32. Rh8+ Rd8 33. Rxd8+ Bxd8 34. Bg7 Kd7 35. Bf8 Bc7 36. Bh6 Bd6 37. Bg5 a6 38. Qb3 Na5 39. Qb6 Bc7 40. Qb4 Bd6 41. Qb2 Kc7 42. Qa2 Kd7 43. Kf3 Bc7 44. Bf6 Rd6 45. Qa3 Nc4 46. Qb4 Nb6 47. c4 Kc8 48. Be5 Rc6 49. Qf8+ 1-0

[Event "VIE-chT"]
[Site "Ho Chi Minh City"]
[Date "2015.07.17"]
[Round "2.16"]
[White "Tran, Ngoc Lan"]
[Black "Nguyen Van Toan, Thanh"]
[Result "1/2-1/2"]
[WhiteElo "2256"]
[BlackElo "2039"]
[PlyCount "138"]
[EventDate "2015.07.16"]
[EventType "team-swiss"]
[EventRounds "9"]
[EventCountry "VIE"]
[SourceTitle "EXT 2016"]
[Source "ChessBase"]
[SourceDate "2015.10.08"]
[SourceVersion "1"]
[SourceVersionDate "2015.10.08"]
[SourceQuality "1"]

1. e4 c5 2. Nc3 Nc6 3. g3 g6 4. Bg2 Bg7 5. d3 d6 6. Be3 e6 7. f4 Nge7 8. Nf3 Nd4 9. 0-0 0-0 10. e5 Nef5 11. Bf2 Nxf3+ 12. Qxf3 Nd4 13. Qd1 f5 14. exd6 Qxd6 15. Na4 e5 16. c3 Ne6 17. fxe5 Bxe5 18. Nxc5 Nxc5 19. d4 Bxd4 20. Qxd4 Qxd4 21. Bxd4 Ne4 22. Bxe4 fxe4 23. Rxf8+ Kxf8 24. Rf1+ Kg8 25. Rf4 Bh3 26. Kf2 Rf8 27. Rxf8+ Kxf8 28. Bxa7 Ke7 29. Ke3 Bf5 30. Kf4 h5 31. Ke5 Kd7 32. Be3 Kc6 33. c4 b5 34. c5 Bd7 35. Kxe4 Bf5+ 36. Ke5 Bb1 37. a3 Bc2 38. Kd4 b4 39. Kc4 bxa3 40. bxa3 Bd1 41. Kb4 Bc2 42. a4 Bd1 43. a5 Be2 44. Bg5 Bf1 45. Bd8 Kd5 46. Bb6 Ba6 47. Kc3 Bb5 48. Kd2 Ke4 49. Bd8 Kd5 50. Be7 Kd4 51. Bf8 Ke4 52. Ke1 Ke3 53. Bg7 Ke4 54. Kf2 Kd5 55. Bf8 Kc6 56. Ke3 Bf1 57. Kd4 Kb5 58. Ke5 Kxa5 59. Kd6 Bg2 60. c6 Kb6 61. c7 Bh3 62. Bh6 Kb7 63. Bf4 Kc8 64. Ke5 Bf5 65. Kf6 Bb1 66. Kg5 Bf5 67. Be5 Kd7 68. h3 Bxh3 69. Kxg6 Bg4 1/2-1/2

[Event "VIE-ch U17"]
[Site "Ho Chi Minh City"]
[Date "2014.07.16"]
[Round "6"]
[White "Tran, Nguyen Lan"]
[Black "Nguyen Van Toan, Thanh"]
[Result "0-1"]
[WhiteElo "1928"]
[BlackElo "1993"]
[PlyCount "108"]
[EventDate "2014.07.13"]
[EventType "swiss"]
[EventRounds "9"]
[EventCountry "VIE"]
[SourceTitle "EXT 2016"]
[Source "ChessBase"]
[SourceDate "2015.10.08"]
[SourceVersion "1"]
[SourceVersionDate "2015.10.08"]
[SourceQuality "1"]

1. e4 c6 2. d4 d5 3. exd5 cxd5 4. Nf3 Nf6 5. Bf4 Nc6 6. c3 e6 7. Bd3 Bd6 8. Bg3 0-0 9. Qc2 a6 10. 0-0 h6 11. Nbd2 Nh5 12. Rfe1 Nxg3 13. hxg3 Qc7 14. Re2 b5 15. a3 Bd7 16. Rae1 Rfc8 17. Qd1 Na5 18. Bb1 Rab8 19. Ne5 Bxe5 20. dxe5 Nc6 21. Nf3 a5 22. Qd3 g6 23. Nd4 Ne7 24. g4 b4 25. cxb4 axb4 26. Qe3 Kg7 27. Qf4 Ng8 28. axb4 Qb6 29. b3 Qxb4 30. Re3 g5 31. Nf5+ exf5 32. Qxb4 Rxb4 33. gxf5 d4 34. Rg3 Rc3 35. Rxc3 dxc3 36. Bc2 Rb5 37. Re3 Rc5 38. g4 Kf8 39. Kf1 Ne7 40. Ke1 Nc6 41. e6 fxe6 42. fxe6 Be8 43. Kd1 Ke7 44. Rh3 Nd4 45. Rxh6 Nxc2 46. Kxc2 Bc6 47. Rh3 Be4+ 48. Kc1 c2 49. Re3 Bg6 50. Re1 Rc6 51. b4 Rb6 52. Kd2 Rxb4 53. f3 Rb1 54. Rc1 Kxe6 0-1

[Event "VIE-ch U17"]
[Site "Ho Chi Minh City"]
[Date "2014.07.15"]
[Round "4"]
[White "Le, Thanh Tai"]
[Black "Nguyen Van Toan, Thanh"]
[Result "1-0"]
[WhiteElo "1947"]
[BlackElo "1993"]
[PlyCount "105"]
[EventDate "2014.07.13"]
[EventType "swiss"]
[EventRounds "9"]
[EventCountry "VIE"]
[SourceTitle "EXT 2016"]
[Source "ChessBase"]
[SourceDate "2015.10.08"]
[SourceVersion "1"]
[SourceVersionDate "2015.10.08"]
[SourceQuality "1"]

1. e4 c5 2. Nf3 Nc6 3. d4 cxd4 4. Nxd4 Nf6 5. Nc3 e5 6. Ndb5 d6 7. Bg5 a6 8. Na3 b5 9. Nd5 Be7 10. Bxf6 Bxf6 11. c4 b4 12. Nc2 Rb8 13. b3 0-0 14. g3 Bg5 15. h4 Bh6 16. Bh3 Bxh3 17. Rxh3 a5 18. g4 Bf4 19. Qf3 Re8 20. Rd1 Re6 21. Kf1 Qd7 22. Qg2 a4 23. Rhd3 Qa7 24. Nxf4 exf4 25. Nd4 Nxd4 26. Rxd4 axb3 27. axb3 Qe7 28. h5 h6 29. f3 Ra8 30. Qf2 Ra3 31. R4d3 Ra6 32. Kg2 Re5 33. Qd2 Qh4 34. Qxf4 Rxh5 35. R3d2 Qh3+ 36. Kf2 Qh2+ 37. Ke3 Qxf4+ 38. Kxf4 Rh3 39. Rxd6 Ra3 40. R1d3 Ra1 41. Rb6 Rf1 42. Rxb4 g5+ 43. Ke5 Rhxf3 44. Rxf3 Rxf3 45. c5 f6+ 46. Kd6 Kf7 47. Rb7+ Ke8 48. c6 Rd3+ 49. Ke6 Kd8 50. Rd7+ Rxd7 51. cxd7 h5 52. gxh5 g4 53. h6 1-0

[Event "VIE-ch U15"]
[Site "Da Lat"]
[Date "2013.07.??"]
[Round "9"]
[White "Nguyen Van Toan, Thanh"]
[Black "Pham, Anh Trung"]
[Result "1/2-1/2"]
[WhiteElo "1981"]
[BlackElo "1801"]
[PlyCount "71"]
[EventDate "2013.07.13"]
[EventType "swiss"]
[EventRounds "9"]
[EventCountry "VIE"]
[SourceTitle "EXT 2014"]
[Source "ChessBase"]
[SourceDate "2013.11.20"]
[SourceVersion "1"]
[SourceVersionDate "2013.11.20"]
[SourceQuality "1"]

1. d4 e6 2. c4 d5 3. Nf3 Nf6 4. Nc3 c6 5. e3 Be7 6. Bd3 dxc4 7. Bxc4 b5 8. Bd3 a6 9. 0-0 Bb7 10. Qc2 Nbd7 11. Rd1 Qc7 12. a3 c5 13. Be2 Rc8 14. Bd2 0-0 15. Rac1 Rfd8 16. Qb1 Qb8 17. dxc5 Nxc5 18. b4 Nce4 19. Be1 Nxc3 20. Bxc3 Rxd1+ 21. Bxd1 Nd5 22. Be5 Rxc1 23. Qxc1 Qc8 24. Qxc8+ Bxc8 25. Nd4 Nb6 26. Nc6 Bf8 27. Na5 Nd7 28. Bc7 Nf6 29. Bf3 Ne8 30. Bd8 Nd6 31. Bc6 f5 32. f4 Kf7 33. Bb6 Be7 34. Bc5 Ne8 35. Nb3 Nd6 36. Nd2 1/2-1/2

[Event "VIE-ch U15"]
[Site "Vietnam"]
[Date "2012.07.15"]
[Round "6"]
[White "Nguyen Van Toan, Thanh"]
[Black "Dao, Thien An"]
[Result "1/2-1/2"]
[WhiteElo "1968"]
[BlackElo "1773"]
[PlyCount "58"]
[EventDate "2012.07.12"]
[EventType "swiss"]
[EventRounds "9"]
[EventCountry "VIE"]
[SourceTitle "EXT 2013"]
[Source "ChessBase"]
[SourceDate "2012.11.22"]
[SourceVersion "1"]
[SourceVersionDate "2012.11.22"]
[SourceQuality "1"]

1. e4 e6 2. d4 d5 3. Nd2 b6 4. e5 c5 5. c3 Nc6 6. Ndf3 Nge7 7. Bd3 Ng6 8. Ne2 Bd7 9. 0-0 Be7 10. Ng3 0-0 11. Be3 cxd4 12. cxd4 Rc8 13. Rc1 Nb4 14. Bb1 Bb5 15. Re1 Qd7 16. a3 Rxc1 17. Bxc1 Nc6 18. Bg5 Rc8 19. Bxe7 Ncxe7 20. Qd2 h6 21. h3 Bc4 22. Nh2 Nf5 23. Nh5 Qa4 24. Ng4 Nge7 25. Rc1 Ba6 26. Rxc8+ Bxc8 27. Bxf5 Nxf5 28. Qc3 Qc4 29. Ne3 Nxe3 1/2-1/2

[Event "VIE-ch U15"]
[Site "Vietnam"]
[Date "2012.07.13"]
[Round "3"]
[White "Nguyen, Hoang Duc"]
[Black "Nguyen Van Toan, Thanh"]
[Result "0-1"]
[WhiteElo "1804"]
[BlackElo "1968"]
[PlyCount "88"]
[EventDate "2012.07.12"]
[EventType "swiss"]
[EventRounds "9"]
[EventCountry "VIE"]
[SourceTitle "EXT 2013"]
[Source "ChessBase"]
[SourceDate "2012.11.22"]
[SourceVersion "1"]
[SourceVersionDate "2012.11.22"]
[SourceQuality "1"]

1. e4 c5 2. Nf3 Nc6 3. d4 cxd4 4. Nxd4 Nf6 5. Nc3 e6 6. Ndb5 d6 7. Bf4 e5 8. Bg5 a6 9. Na3 b5 10. Bxf6 gxf6 11. Nd5 Bg7 12. c3 f5 13. Bd3 Be6 14. Qh5 f4 15. Nc2 h6 16. a4 bxa4 17. Rxa4 a5 18. Bb5 Bd7 19. Rc4 Rc8 20. 0-0 0-0 21. g3 Ne7 22. Rxc8 Bxc8 23. Nxe7+ Qxe7 24. Ra1 Qb7 25. Qe2 Qb6 26. Qc4 Bb7 27. Na3 Rc8 28. Qd3 Rd8 29. Rd1 d5 30. c4 d4 31. f3 Qg6 32. Kf2 Qh5 33. Kg2 Bc8 34. g4 Qh4 35. Rd2 h5 36. c5 hxg4 37. Nc2 Qh3+ 38. Kg1 g3 39. c6 Rd6 40. Qf1 Qh4 41. hxg3 fxg3 42. Qg2 Rh6 43. b4 Qf4 44. bxa5 Rh2 0-1

[Event "ASEAN-ch U14 13th"]
[Site "Hue"]
[Date "2012.06.16"]
[Round "6"]
[White "Le, Minh Tu"]
[Black "Nguyen Van Toan, Thanh"]
[Result "0-1"]
[WhiteElo "1608"]
[BlackElo "1980"]
[PlyCount "90"]
[EventDate "2012.06.11"]
[EventType "swiss"]
[EventRounds "9"]
[EventCountry "VIE"]
[SourceTitle "CBM 149 Extra"]
[Source "ChessBase"]
[SourceDate "2012.08.24"]
[SourceVersion "1"]
[SourceVersionDate "2012.08.24"]
[SourceQuality "1"]

1. d4 d5 2. c4 dxc4 3. Nf3 Nf6 4. e3 e6 5. Bxc4 c5 6. 0-0 a6 7. dxc5 Qxd1 8. Rxd1 Bxc5 9. a3 b5 10. Be2 Bb7 11. b4 Be7 12. Bb2 Nbd7 13. Nbd2 Rc8 14. Rac1 0-0 15. Nb3 Bd5 16. Nbd4 Nb6 17. Ne5 Bd6 18. Ndf3 Ne4 19. Bd3 Na4 20. Bd4 Nec3 21. Re1 f6 22. Nd7 Rfd8 23. Nb6 Nxb6 24. Bxb6 Rd7 25. e4 Bb7 26. Bf1 Rc6 27. Bd4 Nxe4 28. Rxc6 Bxc6 29. Bd3 f5 30. Bxe4 Bxe4 31. Ng5 Bxb4 32. axb4 Rxd4 33. f3 Bd3 34. Nxe6 Rxb4 35. Nc7 Bc4 36. Nxa6 Rb2 37. Re5 Rb1+ 38. Kf2 f4 39. g3 Rb2+ 40. Kg1 fxg3 41. hxg3 b4 42. Nc5 b3 43. Ne4 h6 44. Nd6 Bd3 45. Re1 Rc2 0-1

[Event "ASEAN-ch U14 13th"]
[Site "Hue"]
[Date "2012.06.12"]
[Round "2"]
[White "Khumnorkaew, Tupfah"]
[Black "Nguyen Van Toan, Thanh"]
[Result "0-1"]
[WhiteElo "1813"]
[BlackElo "1980"]
[PlyCount "92"]
[EventDate "2012.06.11"]
[EventType "swiss"]
[EventRounds "9"]
[EventCountry "VIE"]
[SourceTitle "CBM 149 Extra"]
[Source "ChessBase"]
[SourceDate "2012.08.24"]
[SourceVersion "1"]
[SourceVersionDate "2012.08.24"]
[SourceQuality "1"]

1. d4 d5 2. c4 dxc4 3. e3 e5 4. Bxc4 exd4 5. exd4 Bb4+ 6. Nc3 Nf6 7. Nf3 0-0 8. 0-0 Bg4 9. Be3 Nc6 10. Be2 Nd5 11. Nxd5 Qxd5 12. Qc2 Bf5 13. Bd3 Bxd3 14. Qxd3 Be7 15. Rfd1 Rad8 16. a3 Bf6 17. Rac1 Rd7 18. Rd2 Rfd8 19. Rcd1 a5 20. Qc2 Qb5 21. Rd3 a4 22. Kh1 Na5 23. Ng1 Nb3 24. Ne2 c5 25. Nc3 Qc4 26. d5 Bxc3 27. Qxc3 Qxc3 28. bxc3 c4 29. Rd4 Nxd4 30. Bxd4 Rxd5 31. Rb1 Re8 32. g3 b5 33. Kg2 f5 34. Kf3 Re4 35. Be3 Kf7 36. h3 h5 37. h4 Ke6 38. Ke2 Kd7 39. Kf3 Kc6 40. Rc1 Rd3 41. Ke2 g6 42. Rc2 b4 43. axb4 Kb5 44. Rd2 Rxd2+ 45. Kxd2 a3 46. Kc2 Ka4 0-1

[Event "ASEAN-ch U14 13th"]
[Site "Hue"]
[Date "2012.06.11"]
[Round "1"]
[White "Nguyen Van Toan, Thanh"]
[Black "Ding, Tze How Dilwen"]
[Result "1/2-1/2"]
[WhiteElo "1980"]
[BlackElo "1726"]
[PlyCount "45"]
[EventDate "2012.06.11"]
[EventType "swiss"]
[EventRounds "9"]
[EventCountry "VIE"]
[SourceTitle "CBM 149 Extra"]
[Source "ChessBase"]
[SourceDate "2012.08.24"]
[SourceVersion "1"]
[SourceVersionDate "2012.08.24"]
[SourceQuality "1"]

1. e4 e6 2. d4 d5 3. Nd2 Nf6 4. e5 Nfd7 5. Bd3 c5 6. c3 Nc6 7. Ne2 cxd4 8. cxd4 f6 9. exf6 Nxf6 10. 0-0 Bd6 11. Nf3 Qc7 12. Nc3 a6 13. Re1 0-0 14. Bg5 Nh5 15. Ne5 Nf4 16. Bxf4 Rxf4 17. g3 Rf6 18. Qh5 g6 19. Qg5 Bxe5 20. dxe5 Rf3 21. Rad1 Qf7 22. Rd2 Bd7 23. Ne4 1/2-1/2

[Event "VIE-ch"]
[Site "Can Tho"]
[Date "2012.03.23"]
[Round "7"]
[White "Le, Quang Long"]
[Black "Nguyen Van Toan, Thanh"]
[Result "1-0"]
[WhiteElo "2336"]
[BlackElo "1940"]
[PlyCount "81"]
[EventDate "2012.03.19"]
[EventType "swiss"]
[EventRounds "9"]
[EventCountry "VIE"]
[SourceTitle "EXT 2013"]
[Source "ChessBase"]
[SourceDate "2012.11.22"]
[SourceVersion "1"]
[SourceVersionDate "2012.11.22"]
[SourceQuality "1"]

1. c4 e5 2. Nc3 Nf6 3. Nf3 Nc6 4. g3 d5 5. cxd5 Nxd5 6. Bg2 Nb6 7. 0-0 Be6 8. a3 Be7 9. b4 a6 10. Rb1 0-0 11. d3 f6 12. Ne4 Nd7 13. Qc2 Bd5 14. Bb2 Kh8 15. Rfd1 Rc8 16. e3 f5 17. Nc5 Nxc5 18. bxc5 Bf6 19. e4 Ba2 20. Ra1 Be6 21. d4 exd4 22. e5 Nxe5 23. Nxd4 Qe8 24. Re1 Rd8 25. f4 Rxd4 26. fxe5 Rc4 27. Qxc4 Bxc4 28. exf6 Qb5 29. fxg7+ Kg8 30. gxf8Q+ Kxf8 31. Bd4 Bd3 32. Rad1 Qc4 33. Bf2 c6 34. Re3 Be4 35. Bxe4 fxe4 36. Ree1 Qb3 37. Rb1 Qxa3 38. Rxb7 Qd3 39. Rb4 a5 40. Rbxe4 Qd5 41. Bd4 1-0

[Event "VIE-ch"]
[Site "Can Tho"]
[Date "2012.03.21"]
[Round "5"]
[White "Nguyen, Hoang Nam2222"]
[Black "Nguyen Van Toan, Thanh"]
[Result "1-0"]
[WhiteElo "2361"]
[BlackElo "1940"]
[PlyCount "105"]
[EventDate "2012.03.19"]
[EventType "swiss"]
[EventRounds "9"]
[EventCountry "VIE"]
[SourceTitle "EXT 2013"]
[Source "ChessBase"]
[SourceDate "2012.11.22"]
[SourceVersion "1"]
[SourceVersionDate "2012.11.22"]
[SourceQuality "1"]

1. Nf3 Nf6 2. d4 d5 3. Bf4 e6 4. e3 c5 5. c3 Nc6 6. Nbd2 Be7 7. h3 0-0 8. Bd3 Nh5 9. Bh2 f5 10. Ne5 Nf6 11. g4 Ne4 12. Ndf3 cxd4 13. exd4 fxg4 14. hxg4 Bh4 15. Bg1 Nxe5 16. dxe5 Be7 17. Qe2 Rf4 18. Bh2 Rxg4 19. 0-0-0 Qb6 20. Nd4 Bg5+ 21. f4 Bxf4+ 22. Bxf4 Rxf4 23. Bxe4 dxe4 24. Qh5 h6 25. Rdf1 Rxf1+ 26. Rxf1 Qd8 27. Qf7+ Kh7 28. Rg1 Qg8 29. Qe7 b6 30. Nb5 a5 31. Nc7 Ra7 32. Rd1 Rxc7 33. Qxc7 Qf8 34. Qxb6 Qf4+ 35. Kc2 Qxe5 36. a4 e3 37. Re1 Qe4+ 38. Kb3 Bd7 39. Qxa5 e5 40. Qb4 Qd5+ 41. Ka3 Be6 42. b3 Qd3 43. Qb6 Qxc3 44. Qxe3 Qc8 45. Qxe5 Qf8+ 46. b4 Bg8 47. Qe7 Qf3+ 48. Qe3 Qf7 49. Re2 Qf6 50. Qe5 Qf3+ 51. Re3 Qf7 52. b5 Kh8 53. Kb4 1-0

[Event "VIE-ch"]
[Site "Can Tho"]
[Date "2012.03.19"]
[Round "1"]
[White "Nguyen Van Toan, Thanh"]
[Black "Tu, Hoang Thai"]
[Result "1-0"]
[WhiteElo "1940"]
[BlackElo "2327"]
[PlyCount "89"]
[EventDate "2012.03.19"]
[EventType "swiss"]
[EventRounds "9"]
[EventCountry "VIE"]
[SourceTitle "EXT 2013"]
[Source "ChessBase"]
[SourceDate "2012.11.22"]
[SourceVersion "1"]
[SourceVersionDate "2012.11.22"]
[SourceQuality "1"]

1. e4 d5 2. exd5 Nf6 3. d4 Nxd5 4. c4 Nb6 5. Nf3 g6 6. Nc3 Bg7 7. Be3 0-0 8. h3 Nc6 9. Qd2 e5 10. d5 Ne7 11. 0-0-0 Nf5 12. g4 Nxe3 13. Qxe3 Re8 14. c5 Nd7 15. Bb5 a6 16. Ba4 Rb8 17. Ne4 Rf8 18. Kb1 Nf6 19. d6 Nxe4 20. d7 Nf6 21. dxc8Q Qxc8 22. Nxe5 c6 23. Bb3 Qc7 24. f4 Rbd8 25. Rxd8 Qxd8 26. Rd1 Qe7 27. g5 Nd5 28. Bxd5 cxd5 29. Rxd5 Qe6 30. Qd3 Kh8 31. Rd6 Qe8 32. Qd5 Kg8 33. Rd7 Qe6 34. Qxe6 fxe6 35. Rxb7 Rxf4 36. Rb8+ Rf8 37. Nd7 Rxb8 38. Nxb8 Kf7 39. c6 Be5 40. Nxa6 Ke7 41. b4 Kd6 42. b5 Bf4 43. c7 Kd7 44. Nc5+ Kxc7 45. Nxe6+ 1-0

[Event "VIE-ch"]
[Site "Can Tho"]
[Date "2012.03.19"]
[Round "2"]
[White "Vo, Thanh Ninh"]
[Black "Nguyen Van Toan, Thanh"]
[Result "1-0"]
[WhiteElo "2340"]
[BlackElo "1940"]
[PlyCount "65"]
[EventDate "2012.03.19"]
[EventType "swiss"]
[EventRounds "9"]
[EventCountry "VIE"]
[SourceTitle "EXT 2013"]
[Source "ChessBase"]
[SourceDate "2012.11.22"]
[SourceVersion "1"]
[SourceVersionDate "2012.11.22"]
[SourceQuality "1"]

1. c4 Nf6 2. g3 e5 3. Bg2 d5 4. cxd5 Nxd5 5. Nf3 Nc6 6. 0-0 Be7 7. d4 exd4 8. Nxd4 Ndb4 9. Nxc6 Nxc6 10. Nc3 0-0 11. Bf4 Bf6 12. Qxd8 Rxd8 13. Bxc7 Rd2 14. Ne4 Rxe2 15. Nxf6+ gxf6 16. Rfe1 Rxe1+ 17. Rxe1 Be6 18. a3 Rc8 19. Bf4 Kg7 20. Be3 b6 21. h3 Ne5 22. Bd4 Nc4 23. Kh2 Nd6 24. Re2 Rc4 25. Rd2 Nf5 26. Bc3 Ne7 27. g4 h6 28. Kg3 Ng6 29. Bf1 Rc7 30. f4 Ne7 31. f5 Bc8 32. Rd6 Bxf5 33. Bxf6+ 1-0

[Event "VIE-ch"]
[Site "Da Lat"]
[Date "2011.03.24"]
[Round "7"]
[White "Nguyen Van Toan, Thanh"]
[Black "Nguyen Huynh Tuan, Hai"]
[Result "1-0"]
[WhiteElo "1897"]
[BlackElo "1788"]
[PlyCount "73"]
[EventDate "2011.03.20"]
[EventType "swiss"]
[EventRounds "11"]
[EventCountry "VIE"]
[SourceTitle "CBM 141 Extra"]
[Source "ChessBase"]
[SourceDate "2011.05.03"]
[SourceVersion "1"]
[SourceVersionDate "2011.05.03"]
[SourceQuality "1"]

1. e4 c5 2. Nf3 d6 3. d4 cxd4 4. Nxd4 Nf6 5. Nc3 g6 6. Be3 Bg7 7. f3 Nc6 8. Qd2 0-0 9. 0-0-0 Nxd4 10. Bxd4 Be6 11. Kb1 a6 12. g4 b5 13. h4 Qa5 14. Nd5 Qd8 15. Nxf6+ Bxf6 16. Bxf6 exf6 17. h5 g5 18. Qb4 Qc7 19. Qd4 Rac8 20. Rh2 Qd8 21. Rhd2 Rc6 22. Bd3 Rc5 23. h6 Qe7 24. Be2 Rc6 25. Rh1 Rfc8 26. Rh5 Kf8 27. b3 Qc7 28. Bd3 Rc3 29. Qxf6 Rxd3 30. Rxg5 Qc3 31. e5 Ke8 32. Rg8+ Kd7 33. Rxc8 Kxc8 34. Rxd3 Qe1+ 35. Kb2 d5 36. Rc3+ Kd7 37. Qh8 1-0

[Event "VIE-ch"]
[Site "Da Lat"]
[Date "2011.03.23"]
[Round "5"]
[White "Nguyen Van Toan, Thanh"]
[Black "Ton That Nhu, Tung"]
[Result "0-1"]
[WhiteElo "1897"]
[BlackElo "2204"]
[PlyCount "56"]
[EventDate "2011.03.20"]
[EventType "swiss"]
[EventRounds "11"]
[EventCountry "VIE"]
[SourceTitle "CBM 141 Extra"]
[Source "ChessBase"]
[SourceDate "2011.05.03"]
[SourceVersion "1"]
[SourceVersionDate "2011.05.03"]
[SourceQuality "1"]

1. e4 c5 2. Nf3 Nc6 3. d4 cxd4 4. Nxd4 Nf6 5. Nc3 d6 6. Bc4 e6 7. Bb3 Be7 8. Be3 a6 9. f4 0-0 10. Qf3 Na5 11. 0-0-0 Nxb3+ 12. Nxb3 Qc7 13. g4 b5 14. g5 Nd7 15. f5 b4 16. f6 Ne5 17. Qg3 bxc3 18. fxe7 cxb2+ 19. Kb1 Qxe7 20. Bd4 Qc7 21. Bxb2 Bb7 22. Rhe1 Rfc8 23. Bxe5 dxe5 24. Rd2 a5 25. Qe3 a4 26. Nc1 Rab8 27. Ka1 Bxe4 28. Nd3 Qc3+ 0-1

[Event "VIE-ch"]
[Site "Da Lat"]
[Date "2011.03.20"]
[Round "1"]
[White "Tran, Quoc Dung"]
[Black "Nguyen Van Toan, Thanh"]
[Result "1-0"]
[WhiteElo "2315"]
[BlackElo "1897"]
[PlyCount "71"]
[EventDate "2011.03.20"]
[EventType "swiss"]
[EventRounds "11"]
[EventCountry "VIE"]
[SourceTitle "CBM 141 Extra"]
[Source "ChessBase"]
[SourceDate "2011.05.03"]
[SourceVersion "1"]
[SourceVersionDate "2011.05.03"]
[SourceQuality "1"]

1. e4 c5 2. Nf3 Nc6 3. d4 cxd4 4. Nxd4 Nf6 5. Nc3 e5 6. Ndb5 d6 7. Bg5 a6 8. Bxf6 gxf6 9. Na3 b5 10. Nd5 f5 11. exf5 Bxf5 12. Qf3 Bd7 13. Nf6+ Ke7 14. c3 Bg7 15. Nd5+ Kf8 16. Bd3 Rc8 17. Nc2 e4 18. Qxe4 Qg5 19. Nb6 Bxc3+ 20. Kf1 Be6 21. bxc3 d5 22. Qe3 Qxe3 23. Nxe3 Rd8 24. Bf5 d4 25. cxd4 Nxd4 26. Bxe6 fxe6 27. Rc1 Ke7 28. f3 Kd6 29. Kf2 Nc6 30. Ng4 Kc7 31. Ne5 Rd6 32. Nbd7 Rd8 33. Nxc6 Rxc6 34. Rxc6+ Kxc6 35. Ne5+ Kc5 36. Rc1+ 1-0

[Event "VIE-ch"]
[Site "Ho Chi Minh City"]
[Date "2010.03.26"]
[Round "1"]
[White "Nguyen Van Toan, Thanh"]
[Black "Nguyen, Hoang Nam2222"]
[Result "0-1"]
[WhiteElo "1875"]
[BlackElo "2348"]
[PlyCount "194"]
[EventDate "2010.03.26"]
[EventType "swiss"]
[EventRounds "9"]
[EventCountry "VIE"]
[SourceTitle "CBM 135 Extra"]
[Source "ChessBase"]
[SourceDate "2010.05.04"]
[SourceVersion "1"]
[SourceVersionDate "2010.05.04"]
[SourceQuality "1"]

1. e4 d5 2. exd5 Qxd5 3. Nc3 Qa5 4. d4 Nf6 5. Bc4 c6 6. Bd2 Qb6 7. Nge2 Bg4 8. f3 Bf5 9. Na4 Qd8 10. Nc5 b6 11. Nb3 b5 12. Ba5 Qc8 13. Bd3 e6 14. Bxf5 exf5 15. Nf4 Be7 16. 0-0 0-0 17. Re1 Bd6 18. Nd3 Nbd7 19. Ne5 Re8 20. f4 Ne4 21. Qh5 g6 22. Qf3 Ndf6 23. Rac1 Qa6 24. c4 Bxe5 25. fxe5 bxc4 26. Qe2 Nd5 27. Qxc4 Qxc4 28. Rxc4 Rac8 29. Rec1 Re6 30. Nc5 Ne3 31. Rb4 Nxc5 32. Rxc5 Re7 33. Kf2 Ng4+ 34. Kg3 Rd7 35. Rbc4 h5 36. Bd2 Rcd8 37. Bg5 f6 38. exf6 Kf7 39. h3 Nxf6 40. Rxc6 Ne4+ 41. Kf4 Rb8 42. Rc7 Rb7 43. Rxd7+ Rxd7 44. Bh4 Nd6 45. Rc5 Nb7 46. Rc4 Na5 47. Ra4 Nc6 48. Bf2 Ne7 49. Ra6 Nd5+ 50. Ke5 Nb4 51. Ra3 a5 52. Kf4 Nc6 53. Ra4 Kf6 54. Bh4+ Kf7 55. Bf2 Kf6 56. Bh4+ Kf7 57. Ke3 Ke6 58. Rc4 Nb4 59. a3 Nd5+ 60. Kf3 Rb7 61. Rc6+ Kf7 62. Rc2 Rb3+ 63. Kf2 f4 64. Bg5 Ke6 65. Re2+ Kd6 66. Rd2 a4 67. Ke1 Rg3 68. h4 Re3+ 69. Re2 Rd3 70. Re4 Rg3 71. Kf2 Rb3 72. Bxf4+ Nxf4 73. Rxf4 Rxb2+ 74. Kf3 Rb3+ 75. Ke4 Rg3 76. Rf6+ Ke7 77. Ra6 Rxg2 78. Rxa4 Rg4+ 79. Ke5 Rxh4 80. Ra7+ Kd8 81. d5 Rh1 82. Kd6 Ke8 83. Re7+ Kf8 84. Kd7 Rd1 85. d6 h4 86. Rh7 g5 87. Rh5 Rg1 88. a4 Kg7 89. Ke6 Kg6 90. Rh8 Re1+ 91. Kd7 Kg7 92. Rh5 Kg6 93. Rh8 Ra1 94. Kc6 Rc1+ 95. Kb6 Rd1 96. Kc7 Rc1+ 97. Kb6 Rb1+ 0-1

[Event "VIE-chT"]
[Site "Nha Trang"]
[Date "2009.08.29"]
[Round "10"]
[White "Dang, Hoang Son"]
[Black "Nguyen Van Toan, Thanh"]
[Result "1-0"]
[WhiteElo "2059"]
[BlackElo "1813"]
[PlyCount "67"]
[EventDate "2009.08.21"]
[EventType "team-tourn"]
[EventRounds "11"]
[EventCountry "VIE"]
[SourceTitle "CBM 132 Extra"]
[Source "ChessBase"]
[SourceDate "2009.11.03"]
[SourceVersion "1"]
[SourceVersionDate "2009.11.03"]
[SourceQuality "1"]

1. e4 c5 2. Nf3 Nc6 3. d4 cxd4 4. Nxd4 Nf6 5. Nc3 e5 6. Ndb5 d6 7. Bg5 a6 8. Bxf6 gxf6 9. Na3 b5 10. Nd5 f5 11. Bd3 Be6 12. c4 Qa5+ 13. Kf1 Bxd5 14. exd5 Nd4 15. cxb5 axb5 16. Nc2 Nxc2 17. Qxc2 b4 18. a4 e4 19. Re1 Qxd5 20. Bb5+ Kd8 21. Rd1 Qe6 22. Qc6 Rc8 23. Qb6+ Ke7 24. a5 Kf6 25. a6 Be7 26. a7 Qa2 27. Qd4+ Kg6 28. g4 h6 29. gxf5+ Kh7 30. f6 Qe6 31. fxe7 Qxe7 32. Rg1 Rhg8 33. Rxg8 Rxg8 34. Bc6 1-0

[Event "Ho Chi Minh City zt 3.3"]
[Site "Ho Chi Minh City"]
[Date "2009.07.28"]
[Round "8"]
[White "Chan, Yi Ren Daniel"]
[Black "Nguyen Van Toan, Thanh"]
[Result "1-0"]
[WhiteElo "2358"]
[BlackElo "1813"]
[PlyCount "123"]
[EventDate "2009.07.23"]
[EventType "swiss"]
[EventRounds "9"]
[EventCountry "VIE"]
[SourceTitle "CBM 131 Extra"]
[Source "ChessBase"]
[SourceDate "2009.09.03"]
[SourceVersion "2"]
[SourceVersionDate "2009.09.16"]
[SourceQuality "1"]

1. e4 c5 2. Ne2 Nc6 3. Nbc3 Nf6 4. d4 cxd4 5. Nxd4 e5 6. Ndb5 d6 7. Nd5 Nxd5 8. exd5 Nb8 9. a4 Bf5 10. Be3 a6 11. Na3 Be7 12. Nc4 Nd7 13. a5 Rc8 14. Be2 0-0 15. 0-0 Bg6 16. Rc1 f5 17. Nb6 Nxb6 18. Bxb6 Qd7 19. c4 Bd8 20. Bxd8 Rfxd8 21. b4 Bf7 22. f4 e4 23. Qd4 Qa4 24. Qb2 Rc7 25. Rc3 Rdc8 26. Rg3 g6 27. h4 Qd7 28. h5 Qe7 29. hxg6 Bxg6 30. Qd2 Qf6 31. Rc1 Qd8 32. Qd4 Qh4 33. Qe3 Qe7 34. Rc3 Kf8 35. Qb6 Qf6 36. Kf1 Bf7 37. Ra3 Qh6 38. Rg5 Qf6 39. Kg1 h6 40. Rgg3 Ke7 41. Qe3 Qh4 42. Bf1 Qf6 43. Ra2 Kf8 44. Rd2 Qa1 45. Qb6 Rxc4 46. Qxd6+ Ke8 47. Qe5+ Qxe5 48. fxe5 Rc3 49. Rxc3 Rxc3 50. e6 Bg8 51. Be2 Kd8 52. Rd4 Rc8 53. Bc4 Ke7 54. d6+ Kf6 55. e7 Rb8 56. e8Q Rxe8 57. d7 Rd8 58. Bxg8 Ke7 59. Bh7 Ke6 60. Kf2 Ke5 61. Rd1 f4 62. Bg6 1-0